[Event "WchT Seniors 65"]
[Site "Krakow"]
[Date "2024.07.11"]
[Round "9.4"]
[White "Lynch, Peter J"]
[Black "Beier, Thomas"]
[Result "1/2-1/2"]
[WhiteElo "1741"]
[BlackElo "1570"]
[PlyCount "116"]
[EventDate "2024.07.02"]
[EventType "team-swiss"]
[EventRounds "9"]
[EventCountry "POL"]
[SourceTitle "CBM 221 Extra"]
[Source "ChessBase"]
[SourceDate "2024.09.30"]
[SourceVersion "1"]
[SourceVersionDate "2024.09.30"]
[SourceQuality "1"]
[WhiteTeam "Ireland 65 III"]
[BlackTeam "New Zealand 65"]
[WhiteTeamCountry "IRL"]
[BlackTeamCountry "NZL"]

1. e4 e5 2. Nf3 Nc6 3. Bb5 a6 4. Ba4 Nf6 5. 0-0 d6 6. Re1 Be7 7. c3 0-0 8. h3 b5 9. Bc2 Rb8 10. d4 exd4 11. cxd4 a5 12. Nc3 Re8 13. Ne2 Nb4 14. Bb1 Bb7 15. Ng3 Bc8 16. a3 Nc6 17. d5 Ne5 18. Nd4 Bd7 19. f4 Ng6 20. Bd2 Qc8 21. Qf3 Nh4 22. Qf2 c6 23. dxc6 Bxc6 24. Nxc6 Qxc6 25. Bd3 Ng6 26. Rac1 Qa6 27. a4 Rec8 28. Bxb5 Qa8 29. Be3 Rxc1 30. Rxc1 Nxe4 31. Nxe4 Qxe4 32. Kh2 Bh4 33. Qd2 Qb7 34. Qxd6 Rd8 35. Qc6 Qb8 36. Qc7 Qxc7 37. Rxc7 Be7 38. Kg3 Bd6 39. Rd7 Rxd7 40. Bxd7 Kf8 41. Kf3 Ke7 42. Bb5 Nh4+ 43. Kf2 Nf5 44. Bb6 Bb4 45. g3 Nd6 46. Bd3 f5 47. Kf3 Ke6 48. Bd4 g6 49. g4 Kd5 50. Bg7 Ke6 51. Ke3 Kd5 52. Be5 Nc4+ 53. Bxc4+ Kxc4 54. gxf5 gxf5 55. Bg7 Bc5+ 56. Kd2 Kb3 57. Kd3 Kxa4 58. Kc4 Bf2 1/2-1/2

[Event "NZL-ch Seniors Spiller Memorial"]
[Site "Howick"]
[Date "2022.08.20"]
[Round "4"]
[White "Booth, Anthony"]
[Black "Beier, Thomas"]
[Result "0-1"]
[WhiteElo "1607"]
[BlackElo "1129"]
[PlyCount "98"]
[EventDate "2022.08.18"]
[EventType "swiss"]
[EventRounds "6"]
[EventCountry "NZL"]
[SourceTitle "EXT 2024"]
[Source "ChessBase"]
[SourceDate "2023.10.10"]
[SourceVersion "1"]
[SourceVersionDate "2023.10.10"]
[SourceQuality "1"]

1. e4 e5 2. Nf3 Nc6 3. Bc4 Nf6 4. Nc3 Nxe4 5. Nxe4 d5 6. Bb5 dxe4 7. Nxe5 Qd5 8. Bxc6+ bxc6 9. f4 exf3 10. Nxf3 Qe6+ 11. Kf2 Be7 12. Re1 Qf5 13. d4 Be6 14. Kg1 Bf6 15. Qe2 0-0 16. Ne5 Bxe5 17. Qxe5 Qxc2 18. Qxc7 Bd5 19. Qg3 Rfe8 20. Bh6 g6 21. Qf2 Qxf2+ 22. Kxf2 f6 23. Be3 Re4 24. g3 Rae8 25. b3 g5 26. Rac1 h6 27. Rc3 Kg7 28. Rd3 f5 29. Bd2 Kf6 30. Rxe4 fxe4 31. Rc3 Kf5 32. h3 g4 33. h4 h5 34. Bf4 Re7 35. Ke3 Rb7 36. Rc5 Rb6 37. Ra5 Rb7 38. Bd6 Ke6 39. Bc5 Rf7 40. Rxa7 Rf3+ 41. Ke2 Rxg3 42. Re7+ Kf6 43. Re5 Rg2+ 44. Ke3 Rxa2 45. Rxh5 Rb2 46. b4 Rb3+ 47. Kf2 e3+ 48. Ke1 Bf3 49. Rh6+ Kg7 0-1